000 00561nam a2200193 4500
003 CO-ViMGA
020 _a978-958-42-5189-3
040 _aCO-ViMGA
_bspa
_cCO-ViMGA
082 _a869.34
_bC62a
100 1 _aCoelho, Paulo,
_d1947-
_96085
245 1 0 _aEl alquimista /
_c Paulo Coelho ; [traducción, Montserrat Mira]
250 _a1a. ed.
260 _aBogotá :
_bPlaneta,
_c 2016.
300 _a177 p. ;
_b20 cm.
490 _a(Booket)
650 1 4 _aNovela brasileña
_ySiglo XX
_99610
700 1 _aMira, Montserrat,
_etraductor
_99611
942 _2ddc
_cBK
999 _c11740
_d11740